| 000 | 00990nam0a22002291 4500 | ||
|---|---|---|---|
| 001 | rc\4171708 | ||
| 005 | 20250611005854.0 | ||
| 035 | _a(NLR Aleph) 007998439 | ||
| 090 |
_a8624312 _c8624312 |
||
| 100 | _a20130415d1951 |||y0rusy50 ca | ||
| 101 | 0 | _arus | |
| 102 | _aRU | ||
| 105 | _aa z ||||| | ||
| 200 | 1 |
_aТиповая технологическая записка по звукозаписи и фотообработке фонограмм на киностудиях художественных фильмов и кинокопировальных фабриках _fСост.: НИКФИ к/с Мосфильм, к/с Ленфильм и к/с им. Горького _gМ-во кинематографии СССР. Техн. упр. |
|
| 210 |
_aМосква _cОНДИ-НИКФИ _d1951 |
||
| 215 |
_a[4], 92 с. _cил. _d29 |
||
| 300 | _aСтеклогр. | ||
| 801 | 0 |
_aRU _bNLR _gpsbo |
|
| 801 | 1 |
_aRU _bELAR _2rusmarc |
|
| 852 |
_aNLR _jТ76 Г-8/24 |
||
| 942 | _cBOOK | ||
| 980 | _aNB | ||